Office Secretaryship/ (Record no. 186399)

MARC details
000 -LEADER
fixed length control field 00645nam a2200205 4500
005 - DATE AND TIME OF LATEST TRANSACTION
control field 20220225125817.0
010 ## - LCCN (DPL NO)
LC control number ENG-131795
020 ## - INTERNATIONAL STANDARD BOOK NUMBER
International Standard Book Number 9789380831121
Terms of availability 140.00
035 ## - SYSTEM CONTROL NUMBER
System control number EN-115327
037 ## - SOURCE OF ACQUISITION
Source of stock number/acquisition DBAD/PUB
082 ## - DEWEY DECIMAL CLASSIFICATION NUMBER
Classification number 651
245 ## - TITLE STATEMENT
Title Office Secretaryship/
Statement of responsibility, etc S. Anusha Rao ...[et.al.]
260 ## - PUBLICATION, DISTRIBUTION, ETC. (IMPRINT)
Place of publication, distribution, etc Hyderabad
Name of publisher, distributor, etc SevenHills International Publishers
Date of publication, distribution, etc 2021
270 ## - ADDRESS
Address #326, Level-4, Surneni Nilayam Near, B K Guda park, S R Nagar
City hyderabad
Postal code 500038
300 ## - PHYSICAL DESCRIPTION
Extent viii, 176p.
Dimensions 21cm(pbk)
700 ## - ADDED ENTRY--PERSONAL NAME
Personal name Hemalatha, V.
700 ## - ADDED ENTRY--PERSONAL NAME
Personal name Kumar, M. Ananth
700 ## - ADDED ENTRY--PERSONAL NAME
Personal name Rao, O. Kameswara
942 ## - ADDED ENTRY ELEMENTS (KOHA)
Source of classification or shelving scheme Dewey Decimal Classification
Item type English Books
Classification part 651
Call number suffix OFF

No items available.


© Delhi Public Library
Hit Counter
free hit counter